El Derecho Constitucional Mexicano. Parte 2 Parte 2

Detalles Bibliográficos
Autor principal: Meza Salazar, Martha Alicia
Formato: Libro
Lenguaje:español
Publicado: Mx̌ico Ediciones Fiscales ISEF 2015
Materias:
Acceso en línea:http://vlex.com/source/derecho-constitucional-mexicano-parte-2-12925

MARC

LEADER 00000nam a22000007a 4500
005 2015110207557.0
007 cr|||| ||u|
008 151102s2015 mx ||||| |||| 00| 0 spa d
020 |a 978-607-406-718-7 
035 |a 12925 
040 |a vLex 
090 |c 5638  |d 5638 
100 1 |a Meza Salazar, Martha Alicia 
245 1 3 |a El Derecho Constitucional Mexicano. Parte 2  |h [Recurso electrn̤ico] /   |c Martha Alicia Meza Salazar  |n Parte 2 
256 |a Servicio en ln̕ea  
260 |a Mx̌ico  |b Ediciones Fiscales ISEF  |c 2015 
300 |a 1 recurso electrn̤ico (Primera edicin̤ 157 pg̀inas) 
506 1 |a Contenido solo disponible en los productos indicados  |d vLex Global  |d vLex Global (Academic Edition, excluding Law Schools)  |d vLex Global (U.S. Academic Edition, Law Schools)  |d vLex Global (U.S. Academic Edition, excluding Law Schools)  |d vLex Global (Academic Edition, Law Schools) 
650 0 4 |a Derecho constitucional  |z Mx̌ico 
740 0 |a vLex libros (servicio en ln̕ea) 
856 4 0 |a Acceso restringido   |u http://vlex.com/source/derecho-constitucional-mexicano-parte-2-12925 
942 |c BOOK 
999 0 |a Constitucional law